00373nam a2200121Ia 4500008004100000245011000041260001700151260000900168300000900177650002300186650001200209856003000221170516s9999 xx 000 0 und d aDirect Imaging of Cerebral Thromboemboli Using Computed Tomography and Fibrin-targeted Gold Nanoparticles bTheranostics c2015 a5:10 xMedical Technology xMedtech uhttp://www.thno.org/v5i10